<?xml version="1.0" encoding="UTF-8"?>
<record
    xmlns:xsi="http://www.w3.org/2001/XMLSchema-instance"
    xsi:schemaLocation="http://www.loc.gov/MARC21/slim http://www.loc.gov/standards/marcxml/schema/MARC21slim.xsd"
    xmlns="http://www.loc.gov/MARC21/slim">

  <leader>01033nam a2200277 a 4500</leader>
  <controlfield tag="005">20240220093019.0</controlfield>
  <controlfield tag="008">100708s2014    sp a   f |||| 001 0 spa d</controlfield>
  <datafield tag="020" ind1=" " ind2=" ">
    <subfield code="a">9788490224113</subfield>
  </datafield>
  <datafield tag="041" ind1=" " ind2=" ">
    <subfield code="a">spa</subfield>
  </datafield>
  <datafield tag="092" ind1=" " ind2=" ">
    <subfield code="c">616.01</subfield>
    <subfield code="l">54</subfield>
    <subfield code="s">MUR</subfield>
  </datafield>
  <datafield tag="100" ind1="1" ind2=" ">
    <subfield code="a">Murray, Patrick R.</subfield>
    <subfield code="9">717</subfield>
  </datafield>
  <datafield tag="245" ind1=" " ind2=" ">
    <subfield code="a">Microbiolog&#xED;a M&#xE9;dica /</subfield>
    <subfield code="c">Patrick R. Murray.</subfield>
  </datafield>
  <datafield tag="250" ind1=" " ind2=" ">
    <subfield code="a">7a ed. versi&#xF3;n en espa&#xF1;ol de la 7a ed. original en ingl&#xE9;s</subfield>
    <subfield code="b">Revisi&#xF3;n Alberto Delgado-Iribarren Garc&#xED;a-Campos</subfield>
  </datafield>
  <datafield tag="260" ind1=" " ind2=" ">
    <subfield code="a">Barcelona: </subfield>
    <subfield code="b">Elsevier ; Saunders;</subfield>
    <subfield code="c">2014.</subfield>
  </datafield>
  <datafield tag="300" ind1=" " ind2=" ">
    <subfield code="a">872 p.</subfield>
    <subfield code="b">il.</subfield>
  </datafield>
  <datafield tag="500" ind1=" " ind2=" ">
    <subfield code="a">Murray, P. R., Rosenthal, K. S. y Pfaller, M. A. (Col.). (2014). Microbiolog&#xED;a M&#xE9;dica. (7a ed.). Barcelona : Elsevier ; Saunders. </subfield>
  </datafield>
  <datafield tag="653" ind1=" " ind2=" ">
    <subfield code="a">Principios generales del diagn&#xF3;stico de laboratorio</subfield>
  </datafield>
  <datafield tag="653" ind1=" " ind2=" ">
    <subfield code="a">Conceptos b&#xE1;sicos de respuesta inmunitaria</subfield>
  </datafield>
  <datafield tag="653" ind1=" " ind2=" ">
    <subfield code="a">Bacteriolog&#xED;a</subfield>
  </datafield>
  <datafield tag="653" ind1=" " ind2=" ">
    <subfield code="a">Virolog&#xED;a</subfield>
  </datafield>
  <datafield tag="653" ind1=" " ind2=" ">
    <subfield code="a">Micolog&#xED;a</subfield>
  </datafield>
  <datafield tag="653" ind1=" " ind2=" ">
    <subfield code="a">Parasitolog&#xED;a</subfield>
  </datafield>
  <datafield tag="700" ind1="1" ind2=" ">
    <subfield code="a">Rosenthal, Ken S.</subfield>
    <subfield code="9">718</subfield>
  </datafield>
  <datafield tag="700" ind1="1" ind2=" ">
    <subfield code="a">Pfaller, Michael A.</subfield>
    <subfield code="9">719</subfield>
  </datafield>
  <datafield tag="942" ind1=" " ind2=" ">
    <subfield code="2">ddc</subfield>
    <subfield code="c">BK</subfield>
    <subfield code="0">1</subfield>
  </datafield>
  <datafield tag="999" ind1=" " ind2=" ">
    <subfield code="c">2096</subfield>
    <subfield code="d">2096</subfield>
  </datafield>
  <datafield tag="952" ind1=" " ind2=" ">
    <subfield code="0">0</subfield>
    <subfield code="1">0</subfield>
    <subfield code="2">ddc</subfield>
    <subfield code="4">0</subfield>
    <subfield code="7">0</subfield>
    <subfield code="a">BFM</subfield>
    <subfield code="b">BFM</subfield>
    <subfield code="c">CR</subfield>
    <subfield code="d">2014-06-03</subfield>
    <subfield code="g">589.00</subfield>
    <subfield code="l">121</subfield>
    <subfield code="m">8</subfield>
    <subfield code="o">616.01 54 MUR</subfield>
    <subfield code="p">3313</subfield>
    <subfield code="r">2026-04-21</subfield>
    <subfield code="s">2026-04-14</subfield>
    <subfield code="t">Ej.13</subfield>
    <subfield code="w">2014-06-03</subfield>
    <subfield code="y">BK</subfield>
    <subfield code="z">COMPRA PROMED 3ER A&#xD1;O, JUNIO 2014. Sede Tordos.</subfield>
    <subfield code="f"></subfield>
  </datafield>
  <datafield tag="952" ind1=" " ind2=" ">
    <subfield code="0">0</subfield>
    <subfield code="1">0</subfield>
    <subfield code="2">ddc</subfield>
    <subfield code="4">0</subfield>
    <subfield code="7">0</subfield>
    <subfield code="a">BFM</subfield>
    <subfield code="b">BFM</subfield>
    <subfield code="c">CR</subfield>
    <subfield code="d">2014-06-03</subfield>
    <subfield code="g">589.00</subfield>
    <subfield code="l">219</subfield>
    <subfield code="m">32</subfield>
    <subfield code="o">616.01 54 MUR</subfield>
    <subfield code="p">3314</subfield>
    <subfield code="r">2026-05-21</subfield>
    <subfield code="s">2026-04-30</subfield>
    <subfield code="t">Ej.14</subfield>
    <subfield code="w">2014-06-03</subfield>
    <subfield code="y">BK</subfield>
    <subfield code="z">COMPRA PROMED, 3ER A&#xD1;O. JUNIO 2014</subfield>
  </datafield>
  <datafield tag="952" ind1=" " ind2=" ">
    <subfield code="0">0</subfield>
    <subfield code="1">0</subfield>
    <subfield code="2">ddc</subfield>
    <subfield code="4">0</subfield>
    <subfield code="7">0</subfield>
    <subfield code="8">NFIC</subfield>
    <subfield code="a">BFM</subfield>
    <subfield code="b">BFM</subfield>
    <subfield code="c">CR</subfield>
    <subfield code="d">2016-04-19</subfield>
    <subfield code="e">PROMED</subfield>
    <subfield code="g">1300.00</subfield>
    <subfield code="l">129</subfield>
    <subfield code="m">24</subfield>
    <subfield code="o">616.01 54 MUR</subfield>
    <subfield code="p">3673</subfield>
    <subfield code="r">2025-05-09</subfield>
    <subfield code="s">2025-04-29</subfield>
    <subfield code="t">Ej. 15</subfield>
    <subfield code="w">2016-04-19</subfield>
    <subfield code="y">BK</subfield>
    <subfield code="z">PROMED 3ER A&#xD1;O. Sede Tordos. </subfield>
    <subfield code="f"></subfield>
  </datafield>
  <datafield tag="952" ind1=" " ind2=" ">
    <subfield code="0">0</subfield>
    <subfield code="1">0</subfield>
    <subfield code="2">ddc</subfield>
    <subfield code="4">0</subfield>
    <subfield code="7">0</subfield>
    <subfield code="8">NFIC</subfield>
    <subfield code="a">BFM</subfield>
    <subfield code="b">BFM</subfield>
    <subfield code="c">CR</subfield>
    <subfield code="d">2016-04-19</subfield>
    <subfield code="e">PROMED</subfield>
    <subfield code="g">1300.00</subfield>
    <subfield code="l">107</subfield>
    <subfield code="m">17</subfield>
    <subfield code="o">616.01 54 MUR</subfield>
    <subfield code="p">3674</subfield>
    <subfield code="r">2026-04-30</subfield>
    <subfield code="s">2026-04-14</subfield>
    <subfield code="t">Ej. 16</subfield>
    <subfield code="w">2016-04-19</subfield>
    <subfield code="y">BK</subfield>
    <subfield code="z">PROMED 3ER A&#xD1;O. Ejemplar devuelto (Leandro Figueras) con hoja rota, se recuper&#xF3; y sigue en circulaci&#xF3;n. Sede Tordos. </subfield>
    <subfield code="f"></subfield>
  </datafield>
  <datafield tag="952" ind1=" " ind2=" ">
    <subfield code="0">0</subfield>
    <subfield code="1">0</subfield>
    <subfield code="2">ddc</subfield>
    <subfield code="4">0</subfield>
    <subfield code="5">1</subfield>
    <subfield code="7">1</subfield>
    <subfield code="a">BFM</subfield>
    <subfield code="b">BFM</subfield>
    <subfield code="c">STAFF</subfield>
    <subfield code="d">2016-04-19</subfield>
    <subfield code="e">PROMED</subfield>
    <subfield code="g">1300.00</subfield>
    <subfield code="l">75</subfield>
    <subfield code="m">10</subfield>
    <subfield code="o">616.01 54 MUR</subfield>
    <subfield code="r">2018-06-12</subfield>
    <subfield code="s">2018-05-21</subfield>
    <subfield code="t">Ej. 17</subfield>
    <subfield code="w">2016-04-19</subfield>
    <subfield code="y">BK</subfield>
    <subfield code="z">PROMED 3ER A&#xD1;O. Ejemplar dado de baja y reemplazado por una edicion nueva, se le asigna el mismo numero de inventario.</subfield>
  </datafield>
  <datafield tag="952" ind1=" " ind2=" ">
    <subfield code="0">0</subfield>
    <subfield code="1">0</subfield>
    <subfield code="2">ddc</subfield>
    <subfield code="4">0</subfield>
    <subfield code="7">0</subfield>
    <subfield code="a">BFM</subfield>
    <subfield code="b">BFM</subfield>
    <subfield code="c">CR</subfield>
    <subfield code="d">2025-03-25</subfield>
    <subfield code="e">Donaci&#xF3;n Maria Paz Villegas, Marzo 2025</subfield>
    <subfield code="l">1</subfield>
    <subfield code="o">616.01 54 MUR</subfield>
    <subfield code="p">4991</subfield>
    <subfield code="r">2025-04-22</subfield>
    <subfield code="s">2025-04-16</subfield>
    <subfield code="t">Ej. 23</subfield>
    <subfield code="w">2025-03-25</subfield>
    <subfield code="y">BK</subfield>
    <subfield code="z">Donaci&#xF3;n Maria Paz Villegas, Marzo 2025</subfield>
    <subfield code="f"></subfield>
  </datafield>
  <datafield tag="952" ind1=" " ind2=" ">
    <subfield code="0">0</subfield>
    <subfield code="1">0</subfield>
    <subfield code="2">ddc</subfield>
    <subfield code="4">0</subfield>
    <subfield code="7">0</subfield>
    <subfield code="8">NFIC</subfield>
    <subfield code="a">BFM</subfield>
    <subfield code="b">BFM</subfield>
    <subfield code="c">CR</subfield>
    <subfield code="d">2025-11-27</subfield>
    <subfield code="e">Donaci&#xF3;n noviembre 2025</subfield>
    <subfield code="l">4</subfield>
    <subfield code="o">616.01 54 MUR</subfield>
    <subfield code="p">5128</subfield>
    <subfield code="r">2026-04-15</subfield>
    <subfield code="s">2026-04-09</subfield>
    <subfield code="t">Ej.24 </subfield>
    <subfield code="w">2025-11-28</subfield>
    <subfield code="y">BK</subfield>
    <subfield code="z">Donaci&#xF3;n Barros Medel Lilian, noviembre 2025.</subfield>
    <subfield code="f"></subfield>
  </datafield>
  <datafield tag="952" ind1=" " ind2=" ">
    <subfield code="0">0</subfield>
    <subfield code="1">0</subfield>
    <subfield code="2">ddc</subfield>
    <subfield code="4">0</subfield>
    <subfield code="7">0</subfield>
    <subfield code="a">BFM</subfield>
    <subfield code="b">BFM</subfield>
    <subfield code="c">CR</subfield>
    <subfield code="d">2026-04-15</subfield>
    <subfield code="e">Donaci&#xF3;n Urrutia, Micaela. Abril 2026.</subfield>
    <subfield code="l">0</subfield>
    <subfield code="o">616.01 54 MUR</subfield>
    <subfield code="p">5147</subfield>
    <subfield code="r">2026-04-15</subfield>
    <subfield code="t">Ej. 25</subfield>
    <subfield code="w">2026-04-15</subfield>
    <subfield code="y">BK</subfield>
    <subfield code="z">Donaci&#xF3;n Urrutia, Micaela. Abril 2026. Sede Tordos.</subfield>
    <subfield code="f"></subfield>
  </datafield>
</record>
